[Event "ODJM B 2025"]
[Site "Willingen GER"]
[Date "2025.06.11"]
[Round "5"]
[White "Prigandt, Junis"]
[Black "Jüngling, Leonard"]
[Result "0-1"]
[Termination "normal"]
[Board "66"]
[WhiteElo "1539"]
[BlackElo "1522"]
[WhiteClock "00:26:16"]
[BlackClock "00:40:07"]
[PlyCount "112"]
[WhiteFideId "34631712"]
[BlackFideId "34669116"]
[EventCountry "GER"]
[EventRounds "9"]
[EventType "swiss"]
[EventDate "2025.06.07"]

1. c4 {[%clk 01:30:58]} {[%emt 00:00:02]} c6 {[%clk 01:30:58]} {[%emt
00:00:03]} 2. Nc3 {[%clk 01:31:15]} {[%emt 00:00:13]} d5 {[%clk 01:31:20]}
{[%emt 00:00:07]} 3. d4 {[%clk 01:31:27]} {[%emt 00:00:18]} Nf6 {[%clk
01:31:39]} {[%emt 00:00:11]} 4. Bg5 {[%clk 01:31:04]} {[%emt 00:00:52]} Bf5
{[%clk 01:30:43]} {[%emt 00:01:27]} 5. Qb3 {[%clk 01:29:37]} {[%emt 00:01:58]}
Qd7 {[%clk 01:28:15]} {[%emt 00:02:57]} 6. Bxf6 {[%clk 01:28:42]} {[%emt
00:01:24]} dxc4 {[%clk 01:28:20]} {[%emt 00:00:26]} 7. Qxc4 {[%clk 01:27:52]}
{[%emt 00:01:20]} Be6 {[%clk 01:24:33]} {[%emt 00:04:17]} 8. Qd3 {[%clk
01:27:45]} {[%emt 00:00:36]} exf6 {[%clk 01:22:44]} {[%emt 00:02:20]} 9. Nf3
{[%clk 01:27:10]} {[%emt 00:01:05]} f5 {[%clk 01:16:16]} {[%emt 00:06:59]} 10.
e3 {[%clk 01:26:38]} {[%emt 00:01:01]} Na6 {[%clk 01:12:21]} {[%emt 00:04:24]}
11. a3 {[%clk 01:26:21]} {[%emt 00:00:47]} Nc7 {[%clk 01:10:28]} {[%emt
00:02:24]} 12. Qc2 {[%clk 01:24:51]} {[%emt 00:01:59]} f6 {[%clk 01:06:33]}
{[%emt 00:04:25]} 13. Bd3 {[%clk 01:24:25]} {[%emt 00:00:56]} g6 {[%clk
01:04:23]} {[%emt 00:02:39]} 14. O-O {[%clk 01:24:01]} {[%emt 00:00:54]} Bg7
{[%clk 01:03:01]} {[%emt 00:01:52]} 15. b4 {[%clk 01:22:29]} {[%emt 00:02:02]}
b5 {[%clk 01:02:48]} {[%emt 00:00:44]} 16. Rfc1 {[%clk 01:20:39]} {[%emt
00:02:20]} O-O {[%clk 01:01:11]} {[%emt 00:02:07]} 17. Nxb5 {[%clk 01:18:34]}
{[%emt 00:02:34]} Nxb5 {[%clk 01:01:31]} {[%emt 00:00:11]} 18. Qxc6 {[%clk
01:18:54]} {[%emt 00:00:10]} Qxc6 {[%clk 01:01:16]} {[%emt 00:00:46]} 19. Rxc6
{[%clk 01:19:09]} {[%emt 00:00:14]} Bd7 {[%clk 01:01:37]} {[%emt 00:00:09]} 20.
Rc5 {[%clk 01:17:15]} {[%emt 00:02:24]} Rfb8 {[%clk 00:58:13]} {[%emt
00:03:54]} 21. e4 {[%clk 01:12:47]} {[%emt 00:04:58]} Bf8 {[%clk 00:57:18]}
{[%emt 00:01:25]} 22. Rc2 {[%clk 01:10:12]} {[%emt 00:03:05]} fxe4 {[%clk
00:49:04]} {[%emt 00:08:44]} 23. Bxe4 {[%clk 01:08:58]} {[%emt 00:01:43]} Rc8
{[%clk 00:48:45]} {[%emt 00:00:50]} 24. Rb2 {[%clk 01:00:48]} {[%emt 00:08:41]}
Bc6 {[%clk 00:45:51]} {[%emt 00:03:23]} 25. Bxc6 {[%clk 00:57:56]} {[%emt
00:03:22]} Rxc6 {[%clk 00:45:59]} {[%emt 00:00:22]} 26. a4 {[%clk 00:56:49]}
{[%emt 00:01:37]} Nc7 {[%clk 00:45:11]} {[%emt 00:01:18]} 27. b5 {[%clk
00:54:17]} {[%emt 00:03:02]} Rc4 {[%clk 00:39:29]} {[%emt 00:06:12]} 28. a5
{[%clk 00:49:42]} {[%emt 00:05:05]} Nd5 {[%clk 00:35:36]} {[%emt 00:04:23]} 29.
Re1 {[%clk 00:37:04]} {[%emt 00:13:07]} Bb4 {[%clk 00:34:48]} {[%emt 00:01:18]}
30. Ra1 {[%clk 00:33:36]} {[%emt 00:03:58]} Bxa5 {[%clk 00:34:47]} {[%emt
00:00:32]} 31. g3 {[%clk 00:32:52]} {[%emt 00:01:14]} Bb6 {[%clk 00:34:34]}
{[%emt 00:00:43]} 32. Rd1 {[%clk 00:32:24]} {[%emt 00:00:58]} Rd8 {[%clk
00:33:51]} {[%emt 00:01:13]} 33. Re2 {[%clk 00:30:34]} {[%emt 00:02:19]} Kf7
{[%emt 00:00:50]} 34. g4 {[%clk 00:25:48]} {[%emt 00:05:14]} Rb4 {[%clk
00:32:18]} {[%emt 00:01:47]} 35. g5 {[%clk 00:23:37]} {[%emt 00:02:41]} Nc3
{[%clk 00:32:22]} {[%emt 00:00:26]} 36. Red2 {[%clk 00:22:12]} {[%emt
00:01:54]} Nxd1 {[%clk 00:32:40]} {[%emt 00:00:12]} 37. Rxd1 {[%clk 00:22:41]}
{[%emt 00:00:01]} Bxd4 {[%clk 00:32:50]} {[%emt 00:00:20]} 38. Nxd4 {[%clk
00:21:59]} {[%emt 00:01:12]} Rbxd4 {[%clk 00:33:11]} {[%emt 00:00:09]} 39. Rxd4
{[%clk 00:22:13]} {[%emt 00:00:16]} Rxd4 {[%clk 00:33:37]} {[%emt 00:00:04]}
40. gxf6 {[%clk 00:22:28]} {[%emt 00:00:15]} Kxf6 {[%clk 00:34:02]} {[%emt
00:00:05]} 41. Kg2 {[%clk 00:22:53]} {[%emt 00:00:05]} Rb4 {[%clk 00:34:27]}
{[%emt 00:00:06]} 42. Kg3 {[%clk 00:23:06]} {[%emt 00:00:17]} Rxb5 {[%clk
00:34:51]} {[%emt 00:00:06]} 43. f4 {[%clk 00:23:25]} {[%emt 00:00:09]} Kf5
{[%clk 00:35:09]} {[%emt 00:00:13]} 44. Kf3 {[%clk 00:22:36]} {[%emt 00:01:19]}
Rb3+ {[%clk 00:35:35]} {[%emt 00:00:04]} 45. Ke2 {[%clk 00:22:59]} {[%emt
00:00:07]} Kxf4 {[%emt 00:00:22]} 46. h4 {[%clk 00:23:00]} {[%emt 00:00:21]}
Ke4 {[%clk 00:36:16]} {[%emt 00:00:06]} 47. Kd2 {[%clk 00:23:19]} {[%emt
00:00:10]} Kd4 {[%emt 00:00:09]} 48. Ke2 {[%clk 00:23:39]} {[%emt 00:00:08]}
Rd3 {[%clk 00:37:05]} {[%emt 00:00:04]} 49. Kf2 {[%clk 00:23:57]} {[%emt
00:00:12]} Re3 {[%clk 00:37:30]} {[%emt 00:00:05]} 50. h5 {[%clk 00:24:12]}
{[%emt 00:00:15]} Ke4 {[%emt 00:00:14]} 51. hxg6 {[%emt 00:00:04]} hxg6 {[%clk
00:38:16]} {[%emt 00:00:05]} 52. Kg2 {[%clk 00:24:55]} {[%emt 00:00:07]} Rf3
{[%clk 00:38:38]} {[%emt 00:00:08]} 53. Kh2 {[%clk 00:25:16]} {[%emt 00:00:09]}
Ke3 {[%clk 00:38:52]} {[%emt 00:00:16]} 54. Kg2 {[%clk 00:25:34]} {[%emt
00:00:11]} Ke2 {[%emt 00:00:07]} 55. Kh2 {[%clk 00:26:00]} {[%emt 00:00:04]}
Kf2 {[%emt 00:00:05]} 56. Kh1 {[%clk 00:26:16]} {[%emt 00:00:14]} Rh3+ {[%clk
00:40:07]} {[%emt 00:00:04]} 0-1

[Event "ODJM B 2025"]
[Site "Willingen GER"]
[Date "2025.06.11"]
[Round "5"]
[White "Schmidt, Marieke"]
[Black "Weidenhöfer, Ben"]
[Result "1-0"]
[Termination "normal"]
[Board "67"]
[WhiteElo "1726"]
[BlackElo "1620"]
[WhiteClock "00:03:18"]
[BlackClock "00:31:38"]
[PlyCount "77"]
[WhiteFideId "533007497"]
[BlackFideId "16273702"]
[EventCountry "GER"]
[EventRounds "9"]
[EventType "swiss"]
[EventDate "2025.06.07"]

1. e4 {[%clk 01:30:59]} c6 {[%clk 01:30:54]} {[%emt 00:00:07]} 2. d4 {[%clk
01:31:24]} {[%emt 00:00:06]} d5 {[%clk 01:31:20]} {[%emt 00:00:04]} 3. exd5
{[%clk 01:31:50]} {[%emt 00:00:03]} cxd5 {[%clk 01:31:45]} {[%emt 00:00:05]} 4.
Bd3 {[%clk 01:32:17]} {[%emt 00:00:03]} Nc6 {[%clk 01:31:11]} {[%emt 00:01:04]}
5. c3 {[%clk 01:32:43]} {[%emt 00:00:04]} e6 {[%clk 01:30:58]} {[%emt
00:00:43]} 6. Bf4 {[%clk 01:33:02]} {[%emt 00:00:10]} Bd6 {[%clk 01:31:21]}
{[%emt 00:00:08]} 7. Bxd6 {[%clk 01:33:26]} {[%emt 00:00:07]} Qxd6 {[%clk
01:31:47]} {[%emt 00:00:04]} 8. Nf3 {[%clk 01:33:50]} {[%emt 00:00:06]} Nf6
{[%clk 01:32:04]} {[%emt 00:00:13]} 9. Nbd2 {[%clk 01:34:00]} {[%emt 00:00:21]}
O-O {[%clk 01:32:13]} {[%emt 00:00:21]} 10. O-O {[%clk 01:34:23]} {[%emt
00:00:06]} Bd7 {[%clk 01:32:04]} {[%emt 00:00:39]} 11. Re1 {[%clk 01:34:47]}
{[%emt 00:00:06]} Rac8 {[%clk 01:31:52]} {[%emt 00:00:42]} 12. Ne5 {[%clk
01:32:24]} {[%emt 00:02:54]} Rfe8 {[%clk 01:28:37]} {[%emt 00:03:45]} 13. Ndf3
{[%clk 01:23:31]} {[%emt 00:09:23]} Re7 {[%clk 01:21:59]} {[%emt 00:07:09]} 14.
Rb1 {[%clk 01:19:38]} {[%emt 00:04:22]} Qc7 {[%clk 01:21:34]} {[%emt 00:00:56]}
15. h3 {[%clk 01:14:41]} {[%emt 00:05:27]} Nh5 {[%clk 01:14:19]} {[%emt
00:07:45]} 16. Qd2 {[%clk 00:47:01]} {[%emt 00:28:09]} f5 {[%clk 01:10:35]}
{[%emt 00:04:15]} 17. Qg5 {[%clk 00:41:28]} {[%emt 00:06:02]} Nf6 {[%clk
01:09:28]} {[%emt 00:01:38]} 18. Nxc6 {[%clk 00:33:58]} {[%emt 00:07:59]} Bxc6
{[%clk 01:08:55]} {[%emt 00:01:03]} 19. Ne5 {[%clk 00:34:20]} {[%emt 00:00:08]}
Ne4 {[%clk 01:07:41]} {[%emt 00:01:44]} 20. Bxe4 {[%clk 00:29:13]} {[%emt
00:05:37]} fxe4 {[%clk 01:07:17]} {[%emt 00:00:53]} 21. h4 {[%clk 00:29:13]}
{[%emt 00:00:30]} Rf8 {[%clk 01:07:22]} {[%emt 00:00:25]} 22. h5 {[%clk
00:28:00]} {[%emt 00:01:43]} Rf5 {[%clk 01:07:15]} {[%emt 00:00:37]} 23. Qg4
{[%clk 00:25:48]} {[%emt 00:02:40]} h6 {[%clk 01:03:37]} {[%emt 00:04:09]} 24.
Re3 {[%clk 00:24:25]} {[%emt 00:01:53]} Rg5 {[%clk 00:58:50]} {[%emt 00:05:18]}
25. Qh4 {[%clk 00:22:51]} {[%emt 00:02:04]} Be8 {[%clk 00:57:44]} {[%emt
00:01:36]} 26. g4 {[%clk 00:17:15]} {[%emt 00:06:05]} Bxh5 {[%clk 00:55:37]}
{[%emt 00:02:37]} 27. Rg3 {[%clk 00:15:59]} {[%emt 00:01:46]} Be8 {[%clk
00:46:09]} {[%emt 00:09:58]} 28. Re1 {[%clk 00:13:45]} {[%emt 00:02:43]} Qd8
{[%clk 00:43:18]} {[%emt 00:03:21]} 29. Kg2 {[%clk 00:10:48]} {[%emt 00:03:28]}
Rc7 {[%clk 00:42:02]} {[%emt 00:01:45]} 30. f4 {[%clk 00:09:54]} {[%emt
00:01:25]} exf3+ {[%clk 00:42:17]} {[%emt 00:00:15]} 31. Nxf3 {[%clk 00:10:17]}
{[%emt 00:00:06]} Qf6 {[%clk 00:40:16]} {[%emt 00:02:32]} 32. Nxg5 {[%clk
00:09:24]} {[%emt 00:01:23]} hxg5 {[%clk 00:40:39]} {[%emt 00:00:06]} 33. Qh1
{[%clk 00:08:42]} {[%emt 00:01:12]} Bg6 {[%clk 00:38:29]} {[%emt 00:02:40]} 34.
Qf1 {[%clk 00:08:06]} {[%emt 00:01:06]} Be4+ {[%clk 00:38:27]} {[%emt
00:00:32]} 35. Kg1 {[%clk 00:07:22]} {[%emt 00:01:13]} Qh6 {[%clk 00:37:23]}
{[%emt 00:01:35]} 36. Qh3 {[%clk 00:06:06]} {[%emt 00:01:46]} Qf6 {[%clk
00:36:40]} {[%emt 00:01:13]} 37. Rf1 {[%clk 00:05:37]} {[%emt 00:00:59]} Qd8
{[%clk 00:33:43]} {[%emt 00:03:27]} 38. Qh2 {[%clk 00:03:17]} {[%emt 00:02:48]}
Re7 {[%clk 00:31:38]} {[%emt 00:02:37]} 39. Rh3 {[%clk 00:03:18]} {[%emt
00:00:29]} 1-0

[Event "ODJM B 2025"]
[Site "Willingen GER"]
[Date "2025.06.11"]
[Round "5"]
[White "Berger, Johanna"]
[Black "Menke, Xaver Louis"]
[Result "1-0"]
[Termination "normal"]
[Board "68"]
[WhiteElo "1591"]
[BlackElo "1631"]
[WhiteClock "01:08:12"]
[BlackClock "01:07:41"]
[PlyCount "57"]
[WhiteFideId "16207025"]
[BlackFideId "34663134"]
[EventCountry "GER"]
[EventRounds "9"]
[EventType "swiss"]
[EventDate "2025.06.07"]

1. f4 {[%clk 01:30:58]} {[%emt 00:00:01]} d5 {[%clk 01:30:19]} {[%emt
00:00:41]} 2. Nf3 {[%clk 01:31:22]} {[%emt 00:00:05]} Nf6 {[%clk 01:29:23]}
{[%emt 00:01:27]} 3. e3 {[%clk 01:31:45]} {[%emt 00:00:07]} a6 {[%clk
01:28:18]} {[%emt 00:01:36]} 4. d4 {[%clk 01:31:36]} {[%emt 00:00:39]} Nc6
{[%clk 01:27:31]} {[%emt 00:01:17]} 5. Bd3 {[%clk 01:31:58]} {[%emt 00:00:08]}
h6 {[%clk 01:26:38]} {[%emt 00:01:22]} 6. O-O {[%clk 01:31:21]} {[%emt
00:01:07]} Ne4 {[%clk 01:21:15]} {[%emt 00:05:54]} 7. Nbd2 {[%emt 00:02:13]}
Bf5 {[%clk 01:19:59]} 8. Ne5 {[%clk 01:30:36]} {[%emt 00:01:18]} Nd6 {[%clk
01:15:53]} {[%emt 00:04:36]} 9. Bxf5 {[%clk 01:29:23]} {[%emt 00:01:43]} Nxf5
{[%clk 01:15:58]} {[%emt 00:00:24]} 10. Qh5 {[%clk 01:29:31]} {[%emt 00:00:23]}
Nxe5 {[%clk 01:14:03]} {[%emt 00:02:25]} 11. fxe5 {[%clk 01:27:41]} {[%emt
00:02:20]} g6 {[%clk 01:13:43]} {[%emt 00:00:50]} 12. Qf3 {[%clk 01:25:06]}
{[%emt 00:03:05]} h5 {[%clk 01:13:23]} {[%emt 00:00:50]} 13. c3 {[%clk
01:21:10]} {[%emt 00:04:27]} Qd7 {[%clk 01:11:18]} {[%emt 00:02:36]} 14. e4
{[%clk 01:18:17]} {[%emt 00:03:22]} dxe4 {[%clk 01:10:12]} {[%emt 00:01:36]}
15. Nxe4 {[%clk 01:16:38]} {[%emt 00:02:09]} e6 {[%clk 01:08:32]} {[%emt
00:02:11]} 16. Nf6+ {[%clk 01:12:39]} {[%emt 00:04:29]} Ke7 {[%clk 01:08:32]}
{[%emt 00:00:30]} 17. Nxd7 {[%clk 01:12:57]} {[%emt 00:00:12]} Kxd7 {[%clk
01:09:01]} {[%emt 00:00:02]} 18. Qxb7 {[%clk 01:13:15]} {[%emt 00:00:11]} Be7
{[%clk 01:09:05]} {[%emt 00:00:26]} 19. d5 {[%clk 01:13:03]} {[%emt 00:00:42]}
Rhb8 {[%clk 01:08:24]} {[%emt 00:01:10]} 20. Qc6+ {[%clk 01:13:08]} {[%emt
00:00:25]} Kd8 {[%clk 01:08:26]} {[%emt 00:00:29]} 21. d6 {[%clk 01:11:37]}
{[%emt 00:02:01]} cxd6 {[%clk 01:08:32]} {[%emt 00:00:24]} 22. exd6 {[%clk
01:08:27]} {[%emt 00:03:40]} Nxd6 {[%clk 01:06:48]} {[%emt 00:02:14]} 23. Bf4
{[%clk 01:07:13]} {[%emt 00:01:43]} Rc8 {[%clk 01:06:48]} {[%emt 00:00:31]} 24.
Qb6+ {[%clk 01:07:38]} {[%emt 00:00:06]} Kd7 {[%clk 01:07:01]} {[%emt
00:00:17]} 25. Rad1 {[%clk 01:07:26]} {[%emt 00:00:41]} Rc6 {[%clk 01:07:07]}
{[%emt 00:00:24]} 26. Qb7+ {[%clk 01:07:08]} {[%emt 00:00:48]} Rc7 {[%clk
01:07:05]} {[%emt 00:00:32]} 27. Qxa8 {[%clk 01:07:29]} {[%emt 00:00:07]} g5
{[%clk 01:07:25]} {[%emt 00:00:12]} 28. Bxd6 {[%clk 01:07:47]} {[%emt
00:00:12]} Bxd6 {[%clk 01:07:41]} {[%emt 00:00:14]} 29. Rxf7# {[%clk 01:08:12]}
{[%emt 00:00:05]} 1-0

[Event "ODJM B 2025"]
[Site "Willingen GER"]
[Date "2025.06.11"]
[Round "6"]
[White "Aguike, Chidera"]
[Black "Tabales, Lennart"]
[Result "0-1"]
[Termination "normal"]
[Board "1"]
[WhiteElo "1838"]
[BlackElo "1775"]
[WhiteClock "00:23:05"]
[BlackClock "00:24:09"]
[PlyCount "114"]
[WhiteFideId "34611339"]
[BlackFideId "34604057"]
[EventCountry "GER"]
[EventRounds "9"]
[EventType "swiss"]
[EventDate "2025.06.07"]

1. e4 {[%clk 01:30:57]} {[%emt 00:00:03]} c5 {[%clk 01:30:54]} {[%emt
00:00:06]} 2. Nf3 {[%clk 01:31:21]} {[%emt 00:00:05]} d6 {[%clk 01:31:21]}
{[%emt 00:00:04]} 3. d4 {[%clk 01:31:43]} {[%emt 00:00:08]} cxd4 {[%clk
01:31:47]} {[%emt 00:00:04]} 4. Nxd4 {[%clk 01:32:09]} {[%emt 00:00:04]} Nf6
{[%clk 01:32:13]} {[%emt 00:00:04]} 5. Nc3 {[%clk 01:32:36]} {[%emt 00:00:04]}
a6 {[%clk 01:32:40]} {[%emt 00:00:03]} 6. h3 {[%clk 01:32:45]} {[%emt
00:00:20]} e6 {[%clk 01:31:48]} {[%emt 00:01:22]} 7. Be3 {[%clk 01:31:24]}
{[%emt 00:01:50]} b5 {[%clk 01:28:29]} {[%emt 00:03:49]} 8. Bd3 {[%clk
01:29:06]} {[%emt 00:02:48]} Bb7 {[%clk 01:25:40]} {[%emt 00:03:20]} 9. Qf3
{[%clk 01:27:44]} {[%emt 00:01:51]} Nbd7 {[%clk 01:25:01]} {[%emt 00:01:10]}
10. Nb3 {[%clk 01:10:41]} {[%emt 00:17:33]} b4 {[%clk 01:14:58]} {[%emt
00:10:33]} 11. Ne2 {[%clk 01:09:42]} {[%emt 00:01:28]} d5 {[%clk 01:08:14]}
{[%emt 00:07:14]} 12. Ng3 {[%clk 01:01:40]} {[%emt 00:08:31]} Ne5 {[%clk
01:05:59]} {[%emt 00:02:46]} 13. Qd1 {[%clk 00:57:15]} {[%emt 00:04:55]} dxe4
{[%clk 01:03:23]} {[%emt 00:03:06]} 14. Be2 {[%clk 00:55:53]} {[%emt 00:01:52]}
Qc7 {[%clk 01:00:44]} {[%emt 00:03:09]} 15. Bf4 {[%clk 00:48:50]} {[%emt
00:07:33]} Bd6 {[%clk 00:58:22]} {[%emt 00:02:53]} 16. Bg5 {[%clk 00:42:37]}
{[%emt 00:06:43]} h6 {[%clk 00:50:43]} {[%emt 00:08:09]} 17. Bxf6 {[%clk
00:41:44]} {[%emt 00:01:23]} gxf6 {[%clk 00:51:06]} {[%emt 00:00:07]} 18. Nh5
{[%clk 00:41:48]} {[%emt 00:00:26]} O-O-O {[%clk 00:50:06]} {[%emt 00:01:30]}
19. a3 {[%clk 00:38:43]} {[%emt 00:03:35]} bxa3 {[%clk 00:47:57]} {[%emt
00:02:40]} 20. Kf1 {[%clk 00:35:12]} {[%emt 00:04:01]} Rhg8 {[%clk 00:46:20]}
{[%emt 00:02:06]} 21. bxa3 {[%clk 00:33:03]} {[%emt 00:02:39]} e3 {[%clk
00:40:07]} {[%emt 00:06:44]} 22. f3 {[%clk 00:32:32]} {[%emt 00:01:01]} Rg5
{[%clk 00:38:44]} {[%emt 00:01:52]} 23. Nf4 {[%clk 00:29:25]} {[%emt 00:03:37]}
Nc4 {[%clk 00:34:32]} {[%emt 00:04:42]} 24. Bxc4 {[%clk 00:25:49]} {[%emt
00:04:06]} Qxc4+ {[%clk 00:34:56]} {[%emt 00:00:06]} 25. Nd3 {[%clk 00:26:10]}
{[%emt 00:00:09]} Rdg8 {[%clk 00:31:54]} {[%emt 00:03:32]} 26. g4 {[%clk
00:24:57]} {[%emt 00:01:44]} h5 {[%clk 00:28:04]} {[%emt 00:04:19]} 27. Ke2
{[%clk 00:23:07]} {[%emt 00:02:19]} hxg4 {[%clk 00:26:18]} {[%emt 00:02:16]}
28. hxg4 {[%clk 00:23:08]} {[%emt 00:00:30]} Re5 {[%clk 00:21:18]} {[%emt
00:05:30]} 29. Rg1 {[%clk 00:13:57]} {[%emt 00:09:41]} Bxf3+ {[%clk 00:10:39]}
{[%emt 00:11:09]} 30. Kxf3 {[%clk 00:13:47]} {[%emt 00:00:40]} Qe4+ {[%clk
00:09:04]} {[%emt 00:02:04]} 31. Ke2 {[%clk 00:13:49]} {[%emt 00:00:29]} Rh8
{[%clk 00:08:45]} {[%emt 00:00:49]} 32. Qe1 {[%clk 00:11:10]} {[%emt 00:03:09]}
Rh2+ {[%clk 00:06:27]} {[%emt 00:02:48]} 33. Kd1 {[%clk 00:11:33]} {[%emt
00:00:06]} Rd5 {[%clk 00:06:41]} {[%emt 00:00:17]} 34. Qc3+ {[%clk 00:10:16]}
{[%emt 00:01:48]} Kd8 {[%clk 00:06:18]} {[%emt 00:00:53]} 35. Kc1 {[%clk
00:09:55]} {[%emt 00:00:50]} Ke7 {[%clk 00:01:08]} {[%emt 00:05:40]} 36. Na5
{[%clk 00:04:42]} {[%emt 00:05:43]} e2 {[%clk 00:00:48]} {[%emt 00:00:51]} 37.
Nc6+ {[%clk 00:02:51]} {[%emt 00:02:20]} Kd7 {[%clk 00:01:02]} {[%emt
00:00:17]} 38. Kb1 {[%clk 00:01:42]} {[%emt 00:01:40]} Rb5+ {[%clk 00:00:36]}
{[%emt 00:00:56]} 39. Ncb4 {[%clk 00:01:17]} {[%emt 00:00:54]} a5 {[%clk
00:00:41]} {[%emt 00:00:24]} 40. Qxf6 {[%clk 00:00:46]} {[%emt 00:01:00]} Bxb4
{[%clk 00:00:35]} {[%emt 00:00:37]} 41. axb4 {[%emt 00:00:42]} Rxb4+ {[%clk
00:23:16]} {[%emt 00:08:50]} 42. Nxb4 {[%clk 00:28:42]} {[%emt 00:02:24]} Qxb4+
{[%clk 00:23:03]} {[%emt 00:00:43]} 43. Ka2 {[%clk 00:21:23]} {[%emt 00:07:48]}
Qa4+ {[%clk 00:23:14]} {[%emt 00:00:19]} 44. Kb2 {[%clk 00:21:08]} {[%emt
00:00:45]} Qxc2+ {[%clk 00:23:13]} {[%emt 00:00:31]} 45. Kxc2 {[%clk 00:21:04]}
{[%emt 00:00:34]} e1=Q+ {[%clk 00:23:09]} {[%emt 00:00:34]} 46. Kd3 {[%clk
00:20:39]} {[%emt 00:00:55]} Qe2+ {[%clk 00:23:33]} {[%emt 00:00:06]} 47. Kc3
{[%clk 00:20:37]} {[%emt 00:00:32]} Qb2+ {[%clk 00:23:08]} {[%emt 00:00:56]}
48. Kc4 {[%clk 00:20:32]} {[%emt 00:00:34]} Qxf6 {[%clk 00:22:07]} {[%emt
00:01:30]} 49. Rgd1+ {[%clk 00:20:54]} {[%emt 00:00:09]} Ke7 {[%clk 00:22:16]}
{[%emt 00:00:22]} 50. g5 {[%clk 00:20:42]} {[%emt 00:00:42]} Rh4+ {[%clk
00:22:29]} {[%emt 00:00:17]} 51. Kb3 {[%clk 00:20:48]} {[%emt 00:00:23]} Rb4+
{[%clk 00:22:33]} {[%emt 00:00:26]} 52. Kc2 {[%clk 00:21:10]} {[%emt 00:00:08]}
Qb2+ {[%clk 00:22:51]} {[%emt 00:00:11]} 53. Kd3 {[%clk 00:21:35]} {[%emt
00:00:06]} Qd4+ {[%clk 00:23:11]} {[%emt 00:00:11]} 54. Ke2 {[%clk 00:22:00]}
{[%emt 00:00:06]} Qe4+ {[%clk 00:23:23]} {[%emt 00:00:17]} 55. Kf2 {[%clk
00:22:25]} {[%emt 00:00:04]} Rb2+ {[%clk 00:23:45]} {[%emt 00:00:09]} 56. Kg3
{[%clk 00:22:47]} {[%emt 00:00:08]} Rg2+ {[%clk 00:24:09]} {[%emt 00:00:05]}
57. Kh3 {[%clk 00:23:05]} {[%emt 00:00:12]} Qg4# {[%emt 00:00:04]} 0-1

[Event "ODJM B 2025"]
[Site "Willingen GER"]
[Date "2025.06.11"]
[Round "6"]
[White "Christen, Jan"]
[Black "Lattreuter, Alexander"]
[Result "1/2-1/2"]
[Termination "normal"]
[Board "2"]
[WhiteElo "1809"]
[BlackElo "1898"]
[WhiteClock "00:27:48"]
[BlackClock "01:07:26"]
[PlyCount "59"]
[WhiteFideId "34643320"]
[BlackFideId "34678387"]
[EventCountry "GER"]
[EventRounds "9"]
[EventType "swiss"]
[EventDate "2025.06.07"]

1. d4 {[%clk 01:30:56]} {[%emt 00:00:04]} Nf6 {[%clk 01:30:57]} {[%emt
00:00:04]} 2. c4 {[%clk 01:31:17]} {[%emt 00:00:09]} e6 {[%clk 01:31:23]}
{[%emt 00:00:04]} 3. Nc3 {[%clk 01:31:07]} {[%emt 00:00:39]} d5 {[%clk
01:31:45]} {[%emt 00:00:09]} 4. cxd5 {[%clk 01:31:18]} {[%emt 00:00:19]} exd5
{[%clk 01:32:10]} {[%emt 00:00:05]} 5. Bg5 {[%clk 01:31:40]} {[%emt 00:00:08]}
Be7 {[%clk 01:32:28]} {[%emt 00:00:13]} 6. e3 {[%clk 01:31:34]} {[%emt
00:00:36]} O-O {[%clk 01:31:57]} {[%emt 00:01:01]} 7. Bd3 {[%clk 01:31:41]}
{[%emt 00:00:22]} h6 {[%clk 01:32:15]} {[%emt 00:00:12]} 8. Bh4 {[%clk
01:31:33]} {[%emt 00:00:37]} c6 {[%clk 01:32:31]} {[%emt 00:00:15]} 9. Nge2
{[%clk 01:31:38]} {[%emt 00:00:24]} Ne4 {[%clk 01:31:51]} {[%emt 00:01:10]} 10.
Bxe7 {[%clk 01:31:07]} {[%emt 00:01:01]} Qxe7 {[%clk 01:32:16]} {[%emt
00:00:07]} 11. O-O {[%clk 01:30:32]} {[%emt 00:01:04]} Bf5 {[%clk 01:32:12]}
{[%emt 00:00:33]} 12. Ng3 {[%clk 01:26:31]} {[%emt 00:04:31]} Nxg3 {[%clk
01:31:50]} {[%emt 00:00:53]} 13. hxg3 {[%clk 01:26:50]} {[%emt 00:00:10]} Bxd3
{[%clk 01:32:17]} {[%emt 00:00:04]} 14. Qxd3 {[%clk 01:27:05]} {[%emt
00:00:15]} f5 {[%clk 01:32:20]} {[%emt 00:00:26]} 15. a3 {[%clk 01:20:37]}
{[%emt 00:06:59]} a5 {[%clk 01:31:54]} {[%emt 00:00:57]} 16. Rfc1 {[%clk
01:20:17]} {[%emt 00:00:48]} Nd7 {[%clk 01:31:40]} {[%emt 00:00:45]} 17. Rab1
{[%clk 01:17:14]} {[%emt 00:03:33]} Nf6 {[%clk 01:25:43]} {[%emt 00:06:27]} 18.
b4 {[%clk 01:11:56]} {[%emt 00:05:48]} axb4 {[%clk 01:26:01]} {[%emt 00:00:12]}
19. axb4 {[%clk 01:12:11]} {[%emt 00:00:15]} Ne4 {[%clk 01:25:37]} {[%emt
00:00:54]} 20. Nxe4 {[%clk 01:08:25]} {[%emt 00:04:16]} fxe4 {[%clk 01:25:46]}
{[%emt 00:00:21]} 21. Qc2 {[%clk 01:07:04]} {[%emt 00:01:50]} Rac8 {[%clk
01:22:00]} {[%emt 00:04:17]} 22. Qc5 {[%clk 01:02:02]} {[%emt 00:05:31]} Kf7
{[%clk 01:12:03]} {[%emt 00:10:27]} 23. Qxe7+ {[%clk 00:56:42]} {[%emt
00:05:50]} Kxe7 {[%clk 01:12:24]} {[%emt 00:00:10]} 24. b5 {[%clk 00:38:37]}
{[%emt 00:18:35]} Kd6 {[%clk 01:09:23]} {[%emt 00:03:30]} 25. bxc6 {[%clk
00:34:07]} {[%emt 00:05:01]} bxc6 {[%clk 01:08:37]} {[%emt 00:01:16]} 26. Rb7
{[%clk 00:33:35]} {[%emt 00:01:02]} Rc7 {[%clk 01:08:44]} {[%emt 00:00:22]} 27.
Rxc7 {[%clk 00:33:26]} {[%emt 00:00:40]} Kxc7 {[%clk 01:09:09]} {[%emt
00:00:05]} 28. Kf1 {[%clk 00:33:27]} {[%emt 00:00:28]} Ra8 {[%clk 01:07:52]}
{[%emt 00:01:47]} 29. Ke1 {[%clk 00:27:58]} {[%emt 00:05:58]} Ra2 {[%clk
01:07:26]} {[%emt 00:00:56]} 30. Rb1 {[%clk 00:27:48]} {[%emt 00:00:39]}
1/2-1/2